| 000 | 00752pam a2200229 a 4500 | ||
|---|---|---|---|
| 999 |
_c735 _d735 |
||
| 001 | 2005 | ||
| 003 | BD-DhUAP | ||
| 005 | 20200127124809.0 | ||
| 008 | 200127s1997 ohua b 001 0 eng | ||
| 020 | _a0538855142 | ||
| 040 |
_aDLC _cDLC _dBD-DhUAP _bEng |
||
| 082 | 0 | 0 |
_223 _a330 MCE |
| 100 | 1 | _aMcEachern, William A. | |
| 245 | 1 | 0 |
_aEconomics : _ba contemporary introduction / _cWilliam A. McEachern. |
| 250 | _a4th ed. | ||
| 260 |
_aCincinnati, Ohio : _bSouth-Western College Pub., _cc1997. |
||
| 300 |
_axxiv, 856 pages : _billustrations ; _c26 cm. |
||
| 504 | _aIncludes bibliographical references and index. | ||
| 650 | 0 | _aEconomics. | |
| 942 |
_2ddc _cBK |
||